[Event "EUROPA CUP 2011"]
[Site "SchemingMind.com"]
[Date "2011.04.11"]
[Round "-"]
[White "jesusch"]
[Black "emvarela"]
[Result "1-0"]
[WhiteCountry "ESP"]
[BlackCountry "ARG"]
[WhiteElo "1988"]
[WhiteRD "66"]
[BlackElo "1728"]
[BlackRD "46"]
[GameID "280114"]

1. e4 e5 2. Nf3 Nc6 3. Bb5 a6 4. Ba4 Nf6 5. O-O Be7 6. Re1 b5 7. Bb3 O-O 8. c3 d5 9. exd5 Nxd5 10. Nxe5 Nxe5
11. Rxe5 c6 12. d4 Bd6 13. Re1 Qh4 14. g3 Qh3 15. Bxd5 cxd5 16. Qf3 Bf5 17. Qxd5 Rae8 18. Bd2 Re6 19. Na3 Rxe1+ 20. Rxe1 Bxa3
21. bxa3 Be6 22. Qe4 Qh5 23. a4 Bd5 24. Qf4 Bxa2 25. axb5 axb5 26. f3 Bc4 27. g4 Qg6 28. h4 f5 29. g5 h6 30. Kf2 hxg5
31. Qxg5 Qxg5 32. hxg5 Kf7 33. Ra1 Re8 34. Ra7+ Kg6 35. Be3 Re6 36. Rc7 Ra6 37. Rc5 Ra2+ 38. Kg3 Rc2 39. Kf4 Bd3 40. d5 Bc4
41. Bd4 Rg2 42. Rc6+
1-0

[Event "EUROPA CUP 2011"]
[Site "SchemingMind.com"]
[Date "2011.04.09"]
[Round "-"]
[White "jesusch"]
[Black "Yellow"]
[Result "0-1"]
[WhiteCountry "ESP"]
[BlackCountry "INT"]
[WhiteElo "1988"]
[WhiteRD "66"]
[BlackElo "2354"]
[BlackRD "63"]
[GameID "280115"]

1. e4 e5 2. Nf3 Nc6 3. Bb5 a6 4. Ba4 Nf6 5. O-O Be7 6. Re1 b5 7. Bb3 d6 8. d3 O-O 9. h3 Bb7 10. a3 Na5
11. Ba2 c5 12. Nc3 Nc6 13. Nd5 Nd4 14. Nxe7+ Qxe7 15. Nxd4 cxd4 16. f4 Rac8 17. Bd2 Rfe8 18. Bb3 exf4 19. Bxf4 d5 20. exd5 Qd7
21. d6 Bd5 22. Bxd5 Nxd5 23. Bg3 Ne3 24. Qf3 Rxc2 25. Re2 Rxe2 26. Qxe2 Nf5 27. Qf2 Nxg3 28. Qxg3 Re6 29. Re1 Rxd6 30. Qf4 h6
31. Re5 Rg6 32. Qf3 Qc7 33. Qa8+ Kh7 34. Qe4 Qc1+ 35. Kh2 Qf1 36. Rd5 f5 37. Qf3 Qxf3 38. gxf3 Rc6 39. Rxd4 Rc2+ 40. Kg3 Rxb2
41. a4 g5 42. h4 Rb3 43. h5 bxa4 44. Rxa4 Rb6 45. f4 Rd6 46. d4 Kg7 47. Kf3 Kf6 48. d5 Ke7 49. Ke3 Rb6 50. Ra3 Kd6
51. fxg5 hxg5 52. Ra5 Rb3+ 53. Kf2 g4 54. Rxa6+ Kxd5 55. Rf6 Ke5 56. Rf8 g3+ 57. Kg2 f4 58. h6 Rb2+ 59. Kg1 Rh2 60. Re8+ Kd4
61. Re6 f3 62. Rf6 Ke4 63. Rg6 f2+ 64. Kf1 Rh1+
0-1

[Event "EUROPA CUP 2011"]
[Site "SchemingMind.com"]
[Date "2011.04.08"]
[Round "-"]
[White "jesusch"]
[Black "juditfan"]
[Result "1-0"]
[WhiteCountry "ESP"]
[BlackCountry "ITA"]
[WhiteElo "1948"]
[WhiteRD "73"]
[BlackElo "1612"]
[BlackRD "88"]
[GameID "280116"]

1. e4 e6 2. d4 d5 3. Nc3 dxe4 4. Nxe4 Nd7 5. Nf3 Ngf6 6. Ng3 Be7 7. Bd3 O-O 8. Qe2 b6 9. O-O Bb7 10. Rd1 Qc8
11. c4 c5 12. d5 exd5 13. Qxe7 Re8 14. Qd6 dxc4 15. Bxc4 Bxf3 16. gxf3 h6 17. Nf5 Qd8 18. Qg3 Nh5 19. Qg6 Ne5 20. Bxf7+
1-0

[Event "EUROPA CUP 2011"]
[Site "SchemingMind.com"]
[Date "2011.04.07"]
[Round "-"]
[White "jesusch"]
[Black "DI DARIO"]
[Result "1-0"]
[WhiteCountry "ESP"]
[BlackCountry "INT"]
[WhiteElo "1948"]
[WhiteRD "73"]
[BlackElo "1517"]
[BlackRD "52"]
[GameID "280117"]

1. e4 e5 2. Nf3 Nf6 3. Nc3 Bb4 4. Nxe5 Bxc3 5. dxc3 d6 6. Nd3 Nxe4 7. Be2 Nc6 8. Bf3 Bf5 9. Be3 Ne5 10. Nxe5 dxe5
11. Qe2 Qd5 12. O-O O-O 13. Rfd1 Qc6 14. a4 Qg6 15. Qb5 Nd6 16. Qxe5 Bxc2 17. Rd4 Rae8 18. Qc5 Nf5 19. Rg4 Qd6 20. Qxd6 cxd6
21. Bxa7 Re7 22. Rb4
1-0

[Event "EUROPA CUP 2011"]
[Site "SchemingMind.com"]
[Date "2011.04.07"]
[Round "-"]
[White "capablanca"]
[Black "jesusch"]
[Result "0-1"]
[WhiteCountry "GER"]
[BlackCountry "ESP"]
[WhiteElo "1642"]
[WhiteRD "52"]
[BlackElo "1985"]
[BlackRD "76"]
[GameID "280118"]

1. e4 c5 2. c3 Nf6 3. e5 Nd5 4. d4 cxd4 5. cxd4 Nc6 6. Nf3 d6 7. Be2 e6 8. O-O Bd7 9. Bg5 Qc7 10. Bb5 dxe5
11. Bxc6 Bxc6 12. dxe5 h6 13. Bh4 Ne7 14. Nc3 Nf5 15. Bg3 Be7 16. Rc1 Nxg3 17. hxg3 Qb6 18. Qe2 O-O 19. Rfd1 Rfd8 20. b3 Qb4
21. Qe3 Rxd1+ 22. Rxd1 Bc5 23. Qd3 Bb6 24. Ne2 Qc5 25. Rf1 Bb5 26. Qd1 Rd8
0-1

[Event "EUROPA CUP 2011"]
[Site "SchemingMind.com"]
[Date "2011.04.07"]
[Round "-"]
[White "mmccaffe"]
[Black "jesusch"]
[Result "0-1"]
[WhiteCountry "USA"]
[BlackCountry "ESP"]
[WhiteElo "1771"]
[WhiteRD "52"]
[BlackElo "2002"]
[BlackRD "71"]
[GameID "280119"]

1. e4 c5 2. Nf3 d6 3. d4 cxd4 4. Nxd4 Nf6 5. Nc3 a6 6. f3 e5 7. Nb3 Be6 8. Be3 Be7 9. Qd2 O-O 10. Bd3 Nbd7
11. O-O Rc8 12. Qf2 h6 13. Qg3 Kh8 14. f4 Nh5 15. Qf3 Nxf4 16. Bxf4 exf4 17. Qxf4 Qb6+ 18. Kh1 Ne5 19. Rac1 Nxd3 20. cxd3 Bg5
0-1

[Event "EUROPA CUP 2011"]
[Site "SchemingMind.com"]
[Date "2011.04.11"]
[Round "-"]
[White "emvarela"]
[Black "jesusch"]
[Result "1-0"]
[WhiteCountry "ARG"]
[BlackCountry "ESP"]
[WhiteElo "1728"]
[WhiteRD "46"]
[BlackElo "1988"]
[BlackRD "66"]
[GameID "280120"]

1. e4 c5 2. Nf3 d6 3. d4 cxd4 4. Nxd4 Nf6 5. Nc3 a6 6. Be3 e5 7. Nb3 Be6 8. Qd2 Be7 9. f3 O-O 10. O-O-O Qc7
11. g4 Nbd7 12. Kb1 b5 13. g5 Nh5 14. Nd5 Bxd5 15. exd5 Nb6 16. Bxb6 Qxb6 17. h4 a5 18. Bd3 a4 19. Nc1 b4 20. c4 bxc3
21. Qxc3 a3 22. b3 g6 23. Ne2 Rac8 24. Bc4 f6 25. Rdf1 fxg5 26. hxg5 Bxg5 27. f4 Nxf4 28. Nxf4 Bxf4 29. Qh3 Rc7 30. Qe6+ Kh8
31. Qxg6 Qd4 32. Qc2 Rb8 33. Rd1 Qa7 34. Qf5 Rxc4 35. Qf6+ Qg7 36. Qxd6 Rcc8 37. Rdg1 Qc7 38. Qf6+
1-0

[Event "EUROPA CUP 2011"]
[Site "SchemingMind.com"]
[Date "2011.04.11"]
[Round "-"]
[White "Yellow"]
[Black "jesusch"]
[Result "1-0"]
[WhiteCountry "INT"]
[BlackCountry "ESP"]
[WhiteElo "2277"]
[WhiteRD "69"]
[BlackElo "2002"]
[BlackRD "71"]
[GameID "280121"]

1. Nf3 Nf6 2. d4 d6 3. c4 g6 4. g3 Bg7 5. Nc3 O-O 6. Bg2 c6 7. h3 d5 8. cxd5 cxd5 9. Ne5 Nc6 10. Bg5 Ne4
11. Nxe4 dxe4 12. Nxc6 bxc6 13. Bxe4 Bxd4 14. Qa4 Qb6 15. Qxc6 Qxb2 16. Rb1 Qc3+ 17. Qxc3 Bxc3+ 18. Kf1 Bf5 19. Bxf5 gxf5 20. Bxe7 Rfe8
21. Rb7 a5 22. e3 Rab8 23. Rxb8 Rxb8 24. Kg2 Re8 25. Rc1 Bb2 26. Rb1 Rxe7 27. Rxb2 Re4 28. a3 Kf8 29. Rc2 Kg7 30. Kf3 Ra4
31. Rc3 Re4 32. Ke2 Re5 33. Kd3 Rb5 34. Kc2 Kg6 35. Rc6+ f6 36. Ra6 h5 37. h4 Kg7 38. a4 Rc5+ 39. Kd3 Kg6 40. f3 Rd5+
41. Kc4 Re5 42. Kd4 Kg7 43. Rd6 Kg6 44. Rd5
1-0

[Event "EUROPA CUP 2011"]
[Site "SchemingMind.com"]
[Date "2011.04.08"]
[Round "-"]
[White "juditfan"]
[Black "jesusch"]
[Result "0-1"]
[WhiteCountry "ITA"]
[BlackCountry "ESP"]
[WhiteElo "1612"]
[WhiteRD "88"]
[BlackElo "1948"]
[BlackRD "73"]
[GameID "280122"]

1. d4 Nf6 2. c4 g6 3. Nc3 Bg7 4. e4 d6 5. Nf3 O-O 6. Be2 c6 7. O-O Nbd7 8. d5 Nc5 9. Qc2 cxd5 10. exd5 Bf5
11. Qd1 Nfe4 12. Nxe4 Bxe4 13. b3 Bxa1 14. Bh6 Bg7 15. Bxg7 Kxg7 16. Qd4+ Kg8 17. b4 Bxf3 18. Bxf3 Nd7 19. c5 dxc5 20. bxc5 Qc7
21. Rc1 Rfd8 22. Qc4 Rac8
0-1

[Event "EUROPA CUP 2011"]
[Site "SchemingMind.com"]
[Date "2011.04.07"]
[Round "-"]
[White "DI DARIO"]
[Black "jesusch"]
[Result "0-1"]
[WhiteCountry "INT"]
[BlackCountry "ESP"]
[WhiteElo "1517"]
[WhiteRD "52"]
[BlackElo "1948"]
[BlackRD "73"]
[GameID "280123"]

1. Nf3 f5 2. c4 Nf6 3. e3 Nc6 4. b3 e5 5. Bb2 e4 6. Nd4 Nxd4 7. Bxd4 Be7 8. Nc3 O-O 9. Nd5 Nxd5 10. cxd5 Bf6
11. Bc4 Bxd4 12. exd4 d6 13. Qe2 Qf6 14. Qe3 f4 15. Qxe4 Bf5 16. Qxf4 Rae8+ 17. Be2 Rxe2+ 18. Kxe2 Bd3+ 19. Kxd3 Qxf4 20. f3 Qf5+
21. Kc4 Qc2+
0-1

[Event "EUROPA CUP 2011"]
[Site "SchemingMind.com"]
[Date "2011.04.10"]
[Round "-"]
[White "CortexContusion"]
[Black "capablanca"]
[Result "1-0"]
[WhiteCountry "USA"]
[BlackCountry "GER"]
[WhiteElo "1731"]
[WhiteRD "76"]
[BlackElo "1645"]
[BlackRD "54"]
[GameID "280598"]

1. d4 Nf6 2. c4 g6 3. Nc3 Bg7 4. e4 d6 5. Nf3 O-O 6. Be2 e5 7. O-O Nc6 8. d5 Ne7 9. b4 Nh5 10. Re1 f5
11. Ng5 Nf6 12. Bf3 c6 13. exf5 Nxf5 14. Nce4 Nd4 15. Re3 Nxf3+ 16. Nxf3 Bh6 17. Re1 Bxc1 18. Rxc1 Bg4 19. h3 Nxe4 20. hxg4 Rf4
21. dxc6 bxc6 22. b5 Qb6 23. Rc2 Rxg4 24. Qd3 Nc5 25. Qxd6 Rf4 26. Rxe5 Ne4 27. Qe6+ Kh8 28. Rxe4 Rxe4 29. Qxe4 Rd8 30. Ng5 Rd1+
31. Kh2 Qc7+ 32. g3 c5 33. Qe8+
1-0

[Event "EUROPA CUP 2011"]
[Site "SchemingMind.com"]
[Date "2011.04.15"]
[Round "-"]
[White "CortexContusion"]
[Black "jesusch"]
[Result "1-0"]
[WhiteCountry "USA"]
[BlackCountry "ESP"]
[WhiteElo "1713"]
[WhiteRD "76"]
[BlackElo "1948"]
[BlackRD "73"]
[GameID "280599"]

1. d4 Nf6 2. Nf3 e6 3. c4 b6 4. Nc3 Bb7 5. a3 d5 6. cxd5 Nxd5 7. e3 Nd7 8. Nxd5 Bxd5 9. Bb5 c6 10. Bd3 Bd6
11. e4 Bxe4 12. Bxe4 Rc8 13. Bg5 Be7 14. Bxe7 Qxe7 15. Rc1 c5 16. dxc5 Nxc5 17. O-O O-O 18. Bb1 Rfd8 19. Qe2 g6 20. b4 Na4
21. Rxc8 Rxc8 22. Qa6 Qc7 23. Qxa4
1-0

[Event "EUROPA CUP 2011"]
[Site "SchemingMind.com"]
[Date "2011.04.10"]
[Round "-"]
[White "CortexContusion"]
[Black "mmccaffe"]
[Result "1/2-1/2"]
[WhiteCountry "USA"]
[BlackCountry "USA"]
[WhiteElo "1731"]
[WhiteRD "76"]
[BlackElo "1803"]
[BlackRD "58"]
[GameID "280600"]

1. e4 c5 2. Nc3 d6 3. Nf3 Nc6 4. Bc4 e6 5. O-O Be7 6. d4 cxd4 7. Nxd4 Nf6 8. Be3 a6 9. Bd3 Nxd4 10. Bxd4 e5
11. Be3 Be6 12. Bg5 h6 13. Bxf6 Bxf6 14. Nd5 Bxd5 15. exd5 Qb6 16. c4 O-O 17. Rb1 Rac8=
1/2-1/2

[Event "EUROPA CUP 2011"]
[Site "SchemingMind.com"]
[Date "2011.04.15"]
[Round "-"]
[White "CortexContusion"]
[Black "emvarela"]
[Result "1-0"]
[WhiteCountry "USA"]
[BlackCountry "ARG"]
[WhiteElo "1774"]
[WhiteRD "83"]
[BlackElo "1750"]
[BlackRD "48"]
[GameID "280601"]

1. e4 e5 2. f4 Nf6 3. Nc3 d5 4. fxe5 Nxe4 5. d3 Nxc3 6. bxc3 Be7 7. Nf3 c5 8. Be2 O-O 9. O-O Nc6 10. Bb2 Be6
11. d4 c4 12. Bc1 b5 13. Bd2 b4 14. cxb4 Bxb4 15. Bxb4 Nxb4 16. c3 Nc6 17. Qd2 f6 18. exf6 Rxf6 19. Ng5 Rxf1+ 20. Rxf1 Qd6
21. Nxe6 Qxe6 22. Qf4 Ne7 23. Bg4 Qg6 24. a3 h5 25. Bh3 Rd8 26. Qc7 Re8 27. Re1 Qg5 28. Qd7 Qd2 29. Qxe8+
1-0

[Event "EUROPA CUP 2011"]
[Site "SchemingMind.com"]
[Date "2011.04.11"]
[Round "-"]
[White "CortexContusion"]
[Black "Yellow"]
[Result "0-1"]
[WhiteCountry "USA"]
[BlackCountry "INT"]
[WhiteElo "1683"]
[WhiteRD "78"]
[BlackElo "2173"]
[BlackRD "84"]
[GameID "280602"]

1. d4 d5 2. c4 dxc4 3. Nf3 Nf6 4. e3 e6 5. Bxc4 c5 6. O-O cxd4 7. Nxd4 Bc5 8. Nc3 O-O 9. Qe2 Nbd7 10. Nf3 a6
11. e4 b5 12. Bd3 Bd6 13. Rd1 Bb7 14. Bc2 Qc7 15. Qd3 Bc5 16. Bg5 Ne5 17. Nxe5 Qxe5 18. Qg3 Qxg3 19. hxg3 Ng4 20. Rd2 h6
21. Rd7 Bc8 22. Rc7 Bxf2+
0-1

[Event "EUROPA CUP 2011"]
[Site "SchemingMind.com"]
[Date "2011.04.12"]
[Round "-"]
[White "CortexContusion"]
[Black "juditfan"]
[Result "0-1"]
[WhiteCountry "USA"]
[BlackCountry "ITA"]
[WhiteElo "1713"]
[WhiteRD "76"]
[BlackElo "1612"]
[BlackRD "88"]
[GameID "280603"]

1. d4 Nf6 2. c4 e6 3. Nf3 d5 4. Nc3 dxc4 5. e3 c5 6. Bxc4 Nc6 7. O-O cxd4 8. Nxd4 Nxd4 9. exd4 Be7 10. Bg5 O-O
11. Bd3 b6 12. Ne4 Bb7 13. Re1 Nxe4 14. Bxe7 Qxe7 15. Bxe4 Bxe4 16. Rxe4 Qd7 17. Rh4 g6 18. Qf3 Rac8 19. Qh3 h5 20. g4 Qxd4
21. gxh5 Qxb2 22. Qf1 Rc2 23. Rf4 g5 24. Rg4 f6 25. Rd1 Qxa2 26. Qd3 Rf7 27. Qg6+ Kf8 28. Rd8+ Ke7 29. Qg8 Qb1+ 30. Kg2 Qb5
31. Rb4 Qc6+
0-1

[Event "EUROPA CUP 2011"]
[Site "SchemingMind.com"]
[Date "2011.04.10"]
[Round "-"]
[White "CortexContusion"]
[Black "DI DARIO"]
[Result "1-0"]
[WhiteCountry "USA"]
[BlackCountry "INT"]
[WhiteElo "1731"]
[WhiteRD "76"]
[BlackElo "1649"]
[BlackRD "48"]
[GameID "280604"]

1. e4 e5 2. c3 d5 3. Nf3 Bg4 4. Qa4+ Qd7 5. Bb5 c6 6. Be2 Bxf3 7. Bxf3 dxe4 8. Bxe4 Nf6 9. d3 h6 10. Be3 b5
11. Qc2 Na6 12. b4 Nxe4 13. dxe4 Be7 14. Nd2 c5 15. a3 c4 16. Rd1 Qg4 17. O-O Bg5 18. Nf3 f6 19. Qd2 O-O 20. Qd5+ Kh7
21. Qc6 Nb8 22. Qxa8 f5 23. Nxe5 Qe2 24. Qxa7 f4 25. Bd4 Bf6 26. Nf3 Rd8 27. Bxf6 Rg8 28. Rd8 Nc6 29. Rxg8 Nxa7 30. Rxg7+ Kh8
31. Rxa7+ Kg8 32. Ne5 Qxe4 33. Rd1
1-0

[Event "EUROPA CUP 2011"]
[Site "SchemingMind.com"]
[Date "2011.04.10"]
[Round "-"]
[White "capablanca"]
[Black "CortexContusion"]
[Result "1-0"]
[WhiteCountry "GER"]
[BlackCountry "USA"]
[WhiteElo "1645"]
[WhiteRD "54"]
[BlackElo "1731"]
[BlackRD "76"]
[GameID "280605"]

1. e4 c5 2. c3 d5 3. exd5 Qxd5 4. d4 g6 5. Na3 Bg7 6. Nb5 Na6 7. Nf3 Bd7 8. c4 Qe4+ 9. Qe2 Qxe2+ 10. Bxe2 cxd4
11. Nbxd4 e5 12. Nc2 Nc5 13. O-O Ne7 14. Be3 Ne6 15. Rab1 O-O 16. b3 Nf5 17. Bd2 Rad8 18. Bc3 Nf4 19. Rfe1 Bc6 20. Bxe5 Bxe5
21. Nxe5 Rfe8 22. Nxc6 Nxe2+ 23. Rxe2 bxc6 24. Rxe8+ Rxe8 25. Kf1 c5 26. Re1 Kf8 27. Rxe8+ Kxe8 28. g4 Nd6 29. Ke2 Ke7 30. Kd3 Kd7
31. Ne3 f5 32. h3 Ne4 33. Nd1 Ng5 34. h4 Nf3 35. gxf5 Nxh4 36. fxg6 Nxg6 37. Ke4 Ke6 38. Nc3 h5 39. f4 Ne7 40. Nb5 a5
41. Nc3 Kf6 42. Nd5+ Nxd5 43. cxd5 h4 44. Kf3 a4 45. Kg4
1-0

[Event "EUROPA CUP 2011"]
[Site "SchemingMind.com"]
[Date "2011.04.15"]
[Round "-"]
[White "jesusch"]
[Black "CortexContusion"]
[Result "0-1"]
[WhiteCountry "ESP"]
[BlackCountry "USA"]
[WhiteElo "1948"]
[WhiteRD "73"]
[BlackElo "1713"]
[BlackRD "76"]
[GameID "280606"]

1. e4 c5 2. Nf3 g6 3. d4 cxd4 4. Nxd4 Bg7 5. Nc3 Nc6 6. Be3 Nf6 7. Nxc6 bxc6 8. e5 Nd5 9. Nxd5 cxd5 10. Qxd5 Rb8
11. Bxa7 Rxb2 12. Bd3 Bb7 13. Qd4 Qa5+ 14. Kf1 Bxe5 15. Qe3 O-O 16. Bd4 Bxd4 17. Qxd4 Rxa2 18. Rxa2 Qxa2 19. f3 Qb1+ 20. Kf2 Qxh1
21. h3 Qd1 22. Qxd7 Ba6 23. Qd4 Bxd3 24. cxd3 Rc8
0-1

[Event "EUROPA CUP 2011"]
[Site "SchemingMind.com"]
[Date "2011.04.10"]
[Round "-"]
[White "mmccaffe"]
[Black "CortexContusion"]
[Result "0-1"]
[WhiteCountry "USA"]
[BlackCountry "USA"]
[WhiteElo "1803"]
[WhiteRD "58"]
[BlackElo "1731"]
[BlackRD "76"]
[GameID "280607"]

1. e4 c5 2. Nf3 Nc6 3. d4 cxd4 4. Nxd4 Nf6 5. Nc3 e5 6. Ndb5 d6 7. Bg5 a6 8. Na3 Be6 9. Bd3 Rc8 10. Bxf6 Qxf6
11. Nd5 Bxd5 12. exd5 e4 13. dxc6 exd3 14. cxb7 Qe7+ 15. Kf1 Qxb7 16. Qxd3 Be7 17. Nc4 Qb5 18. b3 O-O 19. a4 Qg5 20. Qg3 d5
21. Qxg5 Bxg5 22. Ne3 Bxe3 23. fxe3 Rxc2 24. Rb1 Rfc8 25. g3 R8c3 26. h3 Rxe3 27. Rg1 Ree2 28. h4 d4 29. g4 d3
0-1

[Event "EUROPA CUP 2011"]
[Site "SchemingMind.com"]
[Date "2011.04.15"]
[Round "-"]
[White "emvarela"]
[Black "CortexContusion"]
[Result "0-1"]
[WhiteCountry "ARG"]
[BlackCountry "USA"]
[WhiteElo "1728"]
[WhiteRD "46"]
[BlackElo "1779"]
[BlackRD "69"]
[GameID "280608"]

1. e4 Nc6 2. d4 e5 3. Nf3 exd4 4. c3 dxc3 5. Bc4 cxb2 6. Bxb2 d6 7. Qb3 Nh6 8. O-O Na5 9. Qa4+ c6 10. Bd3 b5
11. Qc2 Bg4 12. Nbd2 f6 13. Nd4 Be7 14. f3 Bd7 15. Nf5 Nxf5 16. exf5 O-O 17. Bc3 Nb7 18. Qb3+ Kh8 19. Ne4 d5 20. Ng3 Nc5
21. Qc2 Nxd3 22. Qxd3 Bc5+ 23. Bd4 Qb6 24. Bxc5 Qxc5+ 25. Kh1 Rae8 26. Rac1 Qe3 27. Qxe3 Rxe3 28. Rfe1 Rfe8 29. Rxe3 Rxe3 30. Kg1 Ra3
31. Rc2 Re3 32. Kf2 Re8 33. h4 g5 34. Nh5 Rf8 35. hxg5 Bxf5 36. Rxc6 fxg5 37. g4 Be4 38. Nf6 Kg7 39. Nh5+ Kh8 40. Rf6 Rxf6
0-1

[Event "EUROPA CUP 2011"]
[Site "SchemingMind.com"]
[Date "2011.04.11"]
[Round "-"]
[White "Yellow"]
[Black "CortexContusion"]
[Result "1-0"]
[WhiteCountry "INT"]
[BlackCountry "USA"]
[WhiteElo "2173"]
[WhiteRD "84"]
[BlackElo "1683"]
[BlackRD "78"]
[GameID "280609"]

1. Nf3 d5 2. d4 Nf6 3. c4 dxc4 4. Nc3 c6 5. e3 b5 6. Ne5 Bf5 7. a4 b4 8. Bxc4 e6 9. Ne2 Bd6 10. f4 Ne4
11. O-O Bxe5 12. fxe5 O-O 13. Bd3 Nd7 14. Rf4 Ng5 15. e4 Bg6 16. h4 Nh3+ 17. gxh3 Bh5 18. Qb3 a5 19. Ng3 g5 20. Rf2 g4
21. Nxh5
1-0

[Event "EUROPA CUP 2011"]
[Site "SchemingMind.com"]
[Date "2011.04.12"]
[Round "-"]
[White "juditfan"]
[Black "CortexContusion"]
[Result "1-0"]
[WhiteCountry "ITA"]
[BlackCountry "USA"]
[WhiteElo "1612"]
[WhiteRD "88"]
[BlackElo "1713"]
[BlackRD "76"]
[GameID "280610"]

1. e4 e5 2. Nf3 Nc6 3. Bb5 a6 4. Ba4 Nf6 5. O-O Nxe4 6. d4 b5 7. Bb3 d5 8. dxe5 Be6 9. Be3 Bc5 10. Bxc5 Nxc5
11. Nbd2 Nxb3 12. axb3 O-O 13. c3 Bf5 14. Nd4 Nxd4 15. cxd4 Qg5 16. Nf3 Qe7 17. Qd2 h6 18. Qf4 Bg6 19. Rfc1 Rfc8 20. Nh4 Bh7
21. Rc6 a5 22. Qg3 Qg5 23. Qxg5 hxg5 24. Nf3 g4 25. Ng5 Bd3 26. Rac1 Ra7 27. e6 fxe6 28. Nxe6 Re8 29. Nxc7 Rd8 30. Ne6 Re7
31. Nxd8
1-0

[Event "EUROPA CUP 2011"]
[Site "SchemingMind.com"]
[Date "2011.04.10"]
[Round "-"]
[White "DI DARIO"]
[Black "CortexContusion"]
[Result "1/2-1/2"]
[WhiteCountry "INT"]
[BlackCountry "USA"]
[WhiteElo "1649"]
[WhiteRD "48"]
[BlackElo "1731"]
[BlackRD "76"]
[GameID "280611"]

1. Nf3 Nf6 2. g3 d5 3. e3 e6 4. a3 Nc6 5. Bb5 Bd7 6. Bxc6 Bxc6 7. d3 Bd6 8. Nc3 e5 9. d4 exd4 10. Nxd4 Bd7
11. Nde2 Bg4 12. Nxd5 Nxd5 13. e4 Nf6 14. Bg5 h6 15. Bxf6 Qxf6 16. c3 O-O 17. O-O Bf3 18. Qd2 Rad8 19. Nd4 c5 20. Nxf3 Qxf3
21. Rad1 Be7 22. Qc2 Rxd1 23. Rxd1 Rd8 24. Rxd8+ Bxd8 25. Qd2 Bg5 26. Qd7 Qxe4 27. Qc8+ Kh7 28. Qd7 Qe7 29. Qf5+ g6 30. Qd5 Bc1
31. Qb3 Kg7 32. c4 b6 33. Qc3+ Qf6 34. Qxc1 Qd4 35. b4 cxb4 36. axb4 a5 37. bxa5 bxa5 38. c5 a4=
1/2-1/2